Imparcialidade é mito (Record no. 61207)

MARC details
000 -LÍDER
campo de controle de tamanho fixo 00368 a2200157 4500
001 - NÚMERO DE CONTROLE
campo de controle 61207
020 ## - ISBN - INTERNATIONAL STANDARD BOOK NUMBER
ISBN - International Standard Book Number
040 ## - FONTE DA CATALOGAÇÃO
Instituição que transcreveu o registro Anchieta - Pituba
100 ## - ENTRADA PRINCIPAL--NOME PESSOAL
Nome pessoal Mattos, Sérgio Augusto Soares
240 10 - TÍTULO UNIFORME
Título uniforme Imparcialidade é mito
Idioma da obra por
245 10 - TÍTULO
Título Imparcialidade é mito
300 ## - DESCRIÇÃO FÍSICA
Extensão 223
362 0# - DATAS DE PUBLICAÇÃO E/OU DESIGNAÇÃO SEQUENCIAL
Datas de publicação e/ou designação sequencial 2001
650 #4 - ASSUNTO--TERMO TÓPICO
Cabeçalho tópico ou nome geográfico Comunicação / Comunicação social
942 ## - ELEMENTOS DE ENTRADA ADICIONADOS (KOHA)
Tipo de material Koha Livros
Holdings
Situação do descarte Situação das perdas Situação física Não pode ser emprestado Biblioteca de origem Biblioteca atual Data de aquisição Total de empréstimos Número de chamada completo Código de barras Data de último acesso Data do preço efetivo Tipo de material Koha
        Colégio Anchieta - Pituba Colégio Anchieta - Pituba 21/11/2023   302.2 M444i MAT IMP 13166/PIT 21/11/2023 21/11/2023 Livros